Savills agricultural land market survey (Record no. 106532)
[ view plain ]
| 000 -LEADER | |
|---|---|
| fixed length control field | 01720cam a2200241 4500 |
| 001 - CONTROL NUMBER | |
| control field | L136896 |
| 008 - FIXED-LENGTH DATA ELEMENTS--GENERAL INFORMATION | |
| fixed length control field | 070228n2007 000 0 eng u |
| 035 ## - SYSTEM CONTROL NUMBER | |
| System control number | (Sirsi) u136896 |
| 041 0# - LANGUAGE CODE | |
| Language code of text/sound track or separate title | eng |
| 050 ## - LIBRARY OF CONGRESS CALL NUMBER | |
| Classification number | 333.335 |
| 110 2# - MAIN ENTRY--CORPORATE NAME | |
| Corporate name or jurisdiction name as entry element | Savills |
| 9 (RLIN) | 2020 |
| 245 00 - TITLE STATEMENT | |
| Title | Savills agricultural land market survey |
| Remainder of title | Spring 2007 |
| Medium | [electronic resource] |
| 260 ## - PUBLICATION, DISTRIBUTION, ETC. | |
| Place of publication, distribution, etc. | London |
| Name of publisher, distributor, etc. | Savills |
| Date of publication, distribution, etc. | 2007 |
| 490 #0 - SERIES STATEMENT | |
| Series statement | Savills Agricultural Land Market Survey |
| Volume/sequential designation | Spring 2007 |
| 505 2# - FORMATTED CONTENTS NOTE | |
| Formatted contents note | Farmland values -- Prime country house values -- Supply of farms in 2006 -- 2006 farm sellers -- 2006 farm buyers -- Outlook for 2007. |
| 520 ## - SUMMARY, ETC. | |
| Summary, etc. | Average farmland values increased by 15% in 2006 across Great Britain, recording a total growth of 50% since the beginning of 2004 - Savills expect values to continue to rise in 2007. Market activity across Great Britain increased by 2.7% during 2006 with just over 180 500 acres publicly marketed in 2006 compared with just under 176 000 acres during 2005. Lifestyle buyers are now competing with the increased farmer activity for the limited supply boosting the already strong demand. Overseas buyers were a strong source of demand in 2006, being the purchasers in 20% of all deals. Cash (excluding any rollover) was the principal means of purchase in 2006 representing the motive behind 40% of all buyers. |
| 590 ## - LOCAL NOTE (RLIN) | |
| Local note | KA |
| 650 24 - SUBJECT ADDED ENTRY--TOPICAL TERM | |
| Topical term or geographic name entry element | SAVILLS AGRICULTURAL LAND MARKET SURVEY |
| 651 #4 - SUBJECT ADDED ENTRY--GEOGRAPHIC NAME | |
| Geographic name | GREAT BRITAIN |
| 690 ## - LOCAL SUBJECT ADDED ENTRY--TOPICAL TERM (OCLC, RLIN) | |
| Topical term or geographic name as entry element | PROPERTY-RURAL AND NATURAL ASSETS-RURAL AND NATURAL ASSET MARKET |
| 856 40 - ELECTRONIC LOCATION AND ACCESS | |
| Uniform Resource Identifier | <a href="https://www.savills.com/research/content.asp?content=%5Cuber%5Fresearch%5C7925%2Ehtm&subcategory=none&contenttype=research&Section=uk">https://www.savills.com/research/content.asp?content=%5Cuber%5Fresearch%5C7925%2Ehtm&subcategory=none&contenttype=research&Section=uk</a> |
| Public note | View the survey free of charge at www.savill.com... |
| 942 ## - ADDED ENTRY ELEMENTS (KOHA) | |
| Suppress in OPAC | 0 |
| Withdrawn status | Lost status | Source of classification or shelving scheme | Damaged status | Not for loan | Home library | Current library | Shelving location | Date acquired | Total Checkouts | Full call number | Barcode | Date last seen | Copy number | Price effective from | Koha item type |
|---|---|---|---|---|---|---|---|---|---|---|---|---|---|---|---|
| Dewey Decimal Classification | Virtual | Virtual | Online | 28/02/2007 | ONLINE PUBLICATION | 136896-1001 | 06/08/2019 | 1 | 06/08/2019 | Book |